000 00794nam a2200265Ia 4500
005 20220316235605.0
008 121119s2001 mx a gr 000 0 spa
020 _a9681659228
040 _aCO-BoRNBP
_bspa
_cCO-BoRNBP
_erda
041 0 _aspa
082 0 4 _a523.1
_bH11D
100 1 _aHacyan, Shahen
_d1947-
245 1 3 _aEl descubrimiento del universo
_cShahen Hacyan
250 _aCuarta edición
264 _aMéxico
_bFondo de Cultura Económica
_c2001
300 _a137 páginas
_bilustraciones
336 _atexto
_btxt
_2rdacontent
337 _asin mediación
_bn
_2rdamedia
338 _avolumen
_bnc
_2rdacarrier
490 0 _aCiencia para todos
650 1 4 _aCosmología
_2LEMB
650 1 4 _aCosmogonía
_2LEMB
650 1 4 _aFilosofía de la naturaleza
_2LEMB
942 _2ddc
_cBK
999 _c1470
_d1470